Normal view
MARC view
- Proverbs, Pushto.
Entry Topical Term
001 - CONTROL NUMBER
- control field: 4733
003 - CONTROL NUMBER IDENTIFIER
- control field: NUST
005 - DATE AND TIME OF LATEST TRANSACTION
- control field: 20170921103000.0
008 - FIXED-LENGTH DATA ELEMENTS
- fixed length control field: 170921|| aca||aabn | a|a d
040 ## - CATALOGING SOURCE
- Original cataloging agency: NUST
- Transcribing agency: NUST
150 ## - HEADING--TOPICAL TERM
- Topical term or geographic name entry element: Proverbs, Pushto.
670 ## - SOURCE DATA FOUND
- Source citation: Work cat.: (NUST)0: Thorburn, S. S. (Septimus Smet), 1844-1924. 4731, Bannu :, 1978.
